Regions of Vietnam - Statistics

General Stats
  • This quiz has been taken 78 times
  • The average score is 5 of 8
Answer Stats
Geographical Region Region % Correct
Northern Vietnam Northeast
82%
Northern Vietnam Northwest
82%
Central Vietnam North Central
72%
Northern Vietnam Red River Delta
70%
Southern Vietnam Southeast
66%
Central Vietnam Central Highlands
62%
Southern Vietnam Mekong River Delta
62%
Central Vietnam South Central Coast
48%
No matching quizzes found
Score Distribution
Percent of People with Each Score
Percentile by Number Answered
Your Score History
You have not taken this quiz